| 000 | 00606nam a2200241 a 4500 | ||
|---|---|---|---|
| 001 | nice12345678 | ||
| 003 | IN_TiNIC | ||
| 005 | 20260116011727.0 | ||
| 008 | 050524s1910 newa grp 000 0 eng | ||
| 020 |
_a _c100 |
||
| 082 | 0 | 0 |
_a220.3 _bNIC |
| 100 | _aNicoll, W Robrtson | ||
| 245 | _aExpositors Dictionary of Texts. | ||
| 260 |
_aNew York _bGeorge H. Doran Company _c1910 |
||
| 300 | _a1054p | ||
| 500 | _aincludes index and biblioraphy | ||
| 505 | 2 | _aIndex of outlines | |
| 650 | _aBible-Dictionaries | ||
| 700 | 1 | _aNicoll, W Robrtson | |
| 902 | _bRHR | ||
| 942 | _cBK | ||
| 999 |
_c3559 _d3559 |
||